000
00233nam a2200097Ia 4500
008
190216s9999||||xx |||||||||||||| ||und||
100
_a
Sarath Chandran
245
0
_a
Hindi-Badi Deedi
260
_b
Mac Millian And Com. Ltd
942
_c
BK
999
_c
17136
_d
17136